| 000 | 00708nam a2200193 4500 | ||
|---|---|---|---|
| 001 | 120114 | ||
| 003 | ES-MaACL | ||
| 007 | t| | ||
| 008 | 070214s1945 sp r ||||1| spa d | ||
| 100 | 1 |
_aGuerrero, Eustaquio. _960540 |
|
| 245 | 1 | 0 |
_aFundamentos de pedagogía cristiana _b: comentario a la encíclica `Divini illius magistri` / _cpor Eustaquio Guerrero. |
| 260 |
_aMadrid : _bRazón y Fe, _c1945. |
||
| 300 |
_a383 p. ; _c19 cm. |
||
| 490 | 1 | _aBibl. de Filosofía y Pedagogía | |
| 710 | 2 |
_aIglesia Católica. _bPapa (1922-1939: Pío XI) _94665 |
|
| 830 | 0 | 0 |
_aBiblioteca de filosofía y pedagogía (Razón y Fe) _9181685 |
| 852 |
_aES-MaACL _jC-8923 _bR.37007 |
||
| 999 |
_c120114 _d120114 |
||